Najczęściej występujące litery w alfabecie polskim - whammies - Statystyki

Ogólne statystyki
  • Ten quiz został rozwiązany 7 631 razy
  • Średni wynik to 4 z 10
Statystyki odpowiedzi
% Litera % Poprawnych
8,91 A
99%
7,66 E
71%
7,75 O
69%
8,21 I
67%
4,32 S
28%
5,64 Z
26%
4,65 W
23%
4,69 R
22%
3,98 T
17%
5,52 N
11%
Nie znaleziono quizów pasujących do podanych kryteriów
Rozkład punktacji
Procent ludzi z każdym wynikiem
Percentyl według liczby udzielonych odpowiedzi
Twoja historia wyników
Nie rozwiązałeś tego quizu